[Event "Vrsar op"]
[Site "Vrsar"]
[Date "2023.04.29"]
[Round "6"]
[White "Bozovic, Tatjana"]
[Black "Lukas Oven, Leonard"]
[Result "1/2-1/2"]
[WhiteElo "1387"]
[BlackElo "1138"]
[PlyCount "102"]
[EventDate "2023.04.25"]
[EventType "swiss"]
[EventRounds "9"]
[EventCountry "CRO"]
[SourceTitle "CBM 214 Extra"]
[Source "ChessBase"]
[SourceDate "2023.07.31"]
[SourceVersion "1"]
[SourceVersionDate "2023.07.31"]
[SourceQuality "1"]

1. d4 d5 2. c4 e6 3. Nc3 Nf6 4. Nf3 c5 5. Bg5 dxc4 6. e4 cxd4 7. Bxf6 Qxf6 8. e5 Qd8 9. Qxd4 Qxd4 10. Nxd4 Bc5 11. Ndb5 Bb6 12. Nd6+ Ke7 13. Bxc4 Ba5 14. 0-0 Bxc3 15. bxc3 Nc6 16. f4 f6 17. Rae1 fxe5 18. fxe5 Nxe5 19. Nf5+ exf5 20. Rxe5+ Kf6 21. Rc5 Rd8 22. Bb3 a5 23. g4 Ra6 24. gxf5 Rc6 25. Rxa5 Rxc3 26. Rb5 Rd4 27. Bd5 Rc2 28. Re1 Bxf5 29. Bxb7 Rg4+ 30. Kh1 Rxa2 31. Rf1 g6 32. Rb6+ Kg7 33. Bd5 Rd2 34. Ba8 Rh4 35. Bg2 Rh5 36. Rb3 Rg5 37. Rg3 Rxg3 38. hxg3 Kf6 39. g4 Kg5 40. gxf5 gxf5 41. Bh3 Rd5 42. Kg2 f4 43. Bc8 Rd2+ 44. Kf3 Rd3+ 45. Ke4 Re3+ 46. Kd4 h5 47. Rg1+ Rg3 48. Rf1 Re3 49. Rg1+ Rg3 50. Rf1 Re3 51. Rg1+ Rg3 1/2-1/2